Sports Quiz

Random Sports or Clickable Quiz

Sort the 'B' Teams Quiz Stats

 Plays Quiz Updated Aug 3, 2017

Support Sporcle.
Go Orange.
Score 0/15 Timer 01:00
1 Play Today
Question Answer Wrong Answers
Chicago Bulls NBA
93.9%
MLB
0.9%
NFL
1.3%
NHL
0.3%
Denver Broncos NFL
93.7%
MLB
1.2%
NBA
0.9%
NHL
0.5%
Cleveland Browns NFL
91.9%
MLB
2.3%
NBA
1.3%
NHL
0.7%
Buffalo Bills NFL
91.7%
MLB
2%
NBA
1.2%
NHL
1.3%
Cincinnati Bengals NFL
91.3%
MLB
2.6%
NBA
1.1%
NHL
1.2%
Chicago Bears NFL
90.9%
MLB
3.2%
NBA
1.3%
NHL
1%
Atlanta Braves MLB
90.5%
NBA
1.3%
NFL
2.5%
NHL
2.1%
Tampa Bay Buccaneers NFL
90.5%
MLB
3.1%
NBA
1.1%
NHL
1.7%
Chicago Blackhawks NHL
90.2%
MLB
3%
NBA
1.6%
NFL
1.6%
Toronto Blue Jays MLB
90%
NBA
1.1%
NFL
1%
NHL
4.3%
Milwaukee Bucks NBA
89.3%
MLB
3.2%
NFL
1.3%
NHL
2.7%
Milwaukee Brewers MLB
88.2%
NBA
2.3%
NFL
1.6%
NHL
4.1%
Boston Bruins NHL
87.5%
MLB
5%
NBA
2%
NFL
1.7%
Columbus Blue Jackets NHL
87.1%
MLB
5.7%
NBA
2.2%
NFL
1.1%
St. Louis Blues NHL
85.9%
MLB
7.2%
NBA
2%
NFL
1.2%

You're not logged in!

Compare scores with friends on all Sporcle quizzes.
OR
Log In
Forgot?

From the Vault

'W' Logos

by Quizmaster91

Let's get real here, a W looks nothing like a U, and as soon as we all admit that, we'll have grown as a society.
Remove Ads.
Support Sporcle.
Get the best of Sporcle when you Go Orange. This ad-free experience offers more features, more stats, and more fun while also helping to support Sporcle. Thank you for becoming a member.

Show Comments

Extras

Top Quizzes Today


Score Distribution

Your Account Isn't Verified!

In order to create a playlist on Sporcle, you need to verify the email address you used during registration. Go to your Sporcle Settings to finish the process.

Report this User

Report this user for behavior that violates our Community Guidelines.

Details: